| 000 | 00669nam a2200217Ii 4500 | ||
|---|---|---|---|
| 003 | JO-AjNU | ||
| 008 | 230606s9999||||xx |||||||||||||| ||und|| | ||
| 020 | _a978-0-7641-2181-4/0-7641-2181-2 | ||
| 040 |
_aJO-AjNU _beng _erda _cJO-AjNU |
||
| 041 | _aeng | ||
| 050 | 1 | 4 | _aPE1441.L57 2002 |
| 100 | 3 |
_aتأليف Longknife,Ann;م.مشارك K.D.Sullivan, _eauthor _92274 |
|
| 245 | 0 | 4 | _aThe Art Of Styling Sentences |
| 250 | _a4 ed | ||
| 264 | 3 | 1 | _aUSA:Barron's Educational Series,2002 |
| 300 | _a158p | ||
| 336 |
_atext _btxt _2rdacontent |
||
| 337 |
_aunmediated _bn _2rdamedia |
||
| 338 |
_avolume _bnc _2rdacarrier |
||
| 650 | 4 |
_aThe Art Of Styling Sentences _92275 |
|
| 999 |
_aE1190 _c1190 _d1190 |
||